Relationship between rate of laticifer differentiation, number of laticifer rows and rubber yield among 1981 IRRDB germplasm collections of Hebvea brasiliensis (Record no. 66684)

MARC details
000 -LEADER
fixed length control field 00748nam a2200229Ia 4500
100 ## - MAIN ENTRY--AUTHOR NAME
Personal name Yu Jun-Hong
245 #0 - TITLE STATEMENT
Title Relationship between rate of laticifer differentiation, number of laticifer rows and rubber yield among 1981 IRRDB germplasm collections of Hebvea brasiliensis
260 ## - PUBLICATION, DISTRIBUTION, ETC. (IMPRINT)
Name of publisher Journal of Rubber Research
Year of publication 2008
300 ## - PHYSICAL DESCRIPTION
Number of Pages 43-51
500 ## - GENERAL NOTE
General note Source Year: 2008
650 ## - SUBJECT ADDED ENTRY--TOPICAL TERM
Topical Term 1981 IRRDB germplasm collections
650 ## - SUBJECT ADDED ENTRY--TOPICAL TERM
Topical Term Conventional breeding
650 ## - SUBJECT ADDED ENTRY--TOPICAL TERM
Topical Term Early selection
650 ## - SUBJECT ADDED ENTRY--TOPICAL TERM
Topical Term Laticifer differentiation
650 ## - SUBJECT ADDED ENTRY--TOPICAL TERM
Topical Term Mechanical wounding
700 ## - ADDED ENTRY--PERSONAL NAME
Personal name Huang Hua-Sun
700 ## - ADDED ENTRY--PERSONAL NAME
Personal name Tian Wei-Min
700 ## - ADDED ENTRY--PERSONAL NAME
Personal name Yang Shu-Guang
700 ## - ADDED ENTRY--PERSONAL NAME
Personal name Zeng Xia
942 ## - ADDED ENTRY ELEMENTS (KOHA)
Koha item type Journals
Holdings
Withdrawn status Lost status Damaged status Not for loan Home library Current library Shelving location Date acquired Serial Enumeration / chronology Koha item type
      Journals RRII Library RRII Library Plant physiology 23/07/2008 Volume 11, Issue 1 Journals